| 000 | 01317nam0a2200301 4500 | ||
|---|---|---|---|
| 001 | RU\NLR\BIBL_A\022476843 | ||
| 005 | 20260408221822.0 | ||
| 035 | _a(NLR Aleph) 022476843 | ||
| 090 |
_a13372660 _c13372660 |
||
| 100 | _a20250303d1974 |||y0rusy50 ca | ||
| 101 | 0 | _ager | |
| 102 | _aRU | ||
| 105 | _aa m 000yy | ||
| 181 | 0 |
_ai3 _baxxe |
|
| 182 | 0 | _an | |
| 200 | 1 |
_aGesundheitsgefahren und Geruchsbelästigung durch lösemitteldampfgemische am Arbeitsplatz _eInaugural-Dissertation _fvon Utz Schwarz |
|
| 203 |
_aТекст _bвизуальный _cнепосредственный |
||
| 210 |
_a[Tübingen _cs. n.] _d1974 |
||
| 215 |
_a[3], 63, [1] с. _cил. _d21 |
||
| 541 | 1 | _aОпасности для здоровья и неприятные запахи, вызываемые смесями паров растворителей на рабочем месте | |
| 606 |
_aЗдоровье _xРиск _xВлияние паров растворителей _jДиссертации _3RU\NLR\AUTH\6601754849 _92666822 |
||
| 686 | 3 | _aР120.4 | |
| 700 | 1 |
_7ba _8ger _aSchwarz _bU. _cд-р медицины, гигиена труда _f1942- _gUtz _3RU\NLR\AUTH\770279079 _92651046 |
|
| 942 | _cBOOK | ||
| 980 | _aNB | ||